000 00207nam a2200097Ia 4500
008 190216s9999||||xx |||||||||||||| ||und||
100 _aChummar Choodnal
245 0 _aNadankala
260 _bNull
942 _cBK
999 _c25415
_d25415